Trau dồi nhân cách /

Đã lưu trong:
Sonraí Bibleagrafaíochta
Príomhúdar: Nguyễn Văn Đang
Formáid: Sách giấy
Teanga:Vietnamese
Foilsithe: Đồng Nai : Đồng Nai , 2000
Clibeanna: Cuir Clib Leis
Gan Chlibeanna, Bí ar an gcéad duine leis an taifead seo a chlibeáil!
Thư viện lưu trữ: Thư viện Trường Đại học Đà Lạt
LEADER 00551nam a2200241 4500
001 DLU020017775
005 ##4/29/2001
020 # # |a 978- 
041 # # |a vie 
082 # # |a 170  |b NG-D 
100 # # |a Nguyễn Văn Đang 
245 # # |a Trau dồi nhân cách /  |c Nguyễn Văn Đang 
260 # # |a Đồng Nai :  |b Đồng Nai ,  |c 2000 
300 # # |a 232 tr.;   |c 19 cm. 
992 # # |a 17000 
994 # # |a DLU 
900 # # |a False 
911 # # |a Administrator 
925 # # |a G 
926 # # |a A 
927 # # |a SH 
980 # # |a Thư viện Trường Đại học Đà Lạt